Dix-neuvième siècle : Études littéraires

Guardat en:
Dades bibliogràfiques
Autor principal: Faguet, Émile
Format: Llibre
Idioma:Undetermined
Publicat: Paris Boivin et Cie 1900
Matèries:
Etiquetes: Afegir etiqueta
Sense etiquetes, Sigues el primer a etiquetar aquest registre!
Thư viện lưu trữ: Trung tâm Học liệu Trường Đại học Cần Thơ
LEADER 00520nam a2200193Ia 4500
001 CTU_219419
008 210402s9999 xx 000 0 und d
082 |a 840.9 
082 |b F156 
100 |a Faguet, Émile 
245 0 |a Dix-neuvième siècle : 
245 0 |b Études littéraires 
245 0 |c Émile Faguet 
260 |a Paris 
260 |b Boivin et Cie 
260 |c 1900 
650 |a French literature,Văn học Pháp 
904 |i Giang 
980 |a Trung tâm Học liệu Trường Đại học Cần Thơ